| 000 | 00000nam##2200000za#4500 |
| 001 | 9.571023 |
| 003 | CaOODSP |
| 005 | 20210624182525 |
| 007 | cr ||||||||||| |
| 008 | 150406|2002||||xxc|||||o f|0| 0 eng|d |
| 040 | |aCaOODSP|beng |
| 043 | |an-cn--- |
| 086 | 1 |aYC2-1-0/371-5E-PDF |
| 110 | 1 |aCanada.|bSenate. |bSpecial Committee on Illegal Drugs. |
| 245 | 10|aCannabis : |h[electronic resource]|bour position for a Canadian public policy / |cChairman: Pierre Claude Nolin, chair ; Deputy Chairman: Colin Kenny. |
| 246 | 3 |aReport of the Senate Special Committee on Illegal Drugs |
| 260 | |aOttawa - Ontario : |bSenate. |cSeptember 2002. |
| 300 | |a242p., 224p., 228p., 94p.|bcoloured illus., figs., graphs, references, tables, photographs |
| 490 | 1 |aReport of the Senate Special Committee on Illegal Drugs|v[37th Parliament, 1st Session, 5th report] |
| 500 | |aContents: Vol. I: Parts I and II -- Vol.II: Part III -- Vol. III: Part IV and Conclusions -- Vol. IV: Appendices. |
| 504 | |aBibliography. |
| 590 | |a11-12-Supp|b2011-07-29 |
| 775 | 08|tLe cannabis : |w(CaOODSP)9.601666 |
| 830 | #0|aReport of the Senate Special Committee on Illegal Drugs ;|v[37th Parliament, 1st Session, 5th report]|w(CaOODSP)9.506410 |
| 856 | 40|ahttp://publications.gc.ca|qPDF|s1.06 MB|uhttps://publications.gc.ca/collections/collection_2011/sen/yc2-1-0/YC2-1-0-371-5-1-eng.pdf |
| 856 | 40|ahttp://publications.gc.ca|qPDF|s991 KB|uhttps://publications.gc.ca/collections/collection_2011/sen/yc2-1-0/YC2-1-0-371-5-3-eng.pdf |
| 856 | 40|ahttp://publications.gc.ca|qPDF|s1.04 MB|uhttps://publications.gc.ca/collections/collection_2011/sen/yc2-1-0/YC2-1-0-371-5-2-eng.pdf |
| 856 | 40|ahttp://publications.gc.ca|qPDF|s279 KB|uhttps://publications.gc.ca/collections/collection_2011/sen/yc2-1-0/YC2-1-0-371-5-4-eng.pdf|y[37th Parliament, 1st Session, 5th report] |